Zámery, ciele a metodický postup riešenia zmien klasifikačného systému jednotného triedenia stavebnej produkcie

Bibliographic Details
Main Author: Kubovský, Milan (Author)
Format: Article
Language:Slovak
PhysicalDescription:Sch.
ISSN:1335-1818
Subjects:

MARC

LEADER 00000nab a2200000 a 4500
001 vtls000847402
003 SK-MaSNL
005 20260304224833.0
008 180206c2003 xo 0 slo
015 |a SNBRB2003/10-27377 
035 |a CLN000199057 
040 |a SNKBUCL  |b slo  |c SNKBUCL  |e AACR2 
041 0 |a slo 
044 |a xo  |c SK 
080 |a 69:351.712  |2 UDC-MRF-SK2 
080 |a 351.712  |2 UDC-MRF-SK2 
100 1 |a Kubovský, Milan  |4 aut  |9 820445 
245 1 0 |a Zámery, ciele a metodický postup riešenia zmien klasifikačného systému jednotného triedenia stavebnej produkcie  |c Milan Kubovský 
300 |b Sch. 
650 0 7 |a stavebné práce  |2 SNKPH  |9 68050 
650 0 7 |a stavebné konštrukcie  |2 SNKPH  |9 3695 
650 0 7 |a verejné obstarávanie  |2 SNKPH  |9 4221 
650 0 7 |a jednotná klasifikácia  |2 SNK  |9 1239059 
655 7 |a články z novín a časopisov  |2 SNK  |9 267496 
773 0 |x 1335-1818  |t Slovenské stavebníctvo  |g Roč. 8, č. 7-8 (2003), s. 2-3 
850 |a Slovenská národná knižnica v Martine 
852 |a SNK  |b KIS3GCP 
958 |a RBX 
999 |c 3174413  |d 3176343